00485nam a2200157Ia 4500008004100000082001900041100001500060245002800075260002000103365000600123630002800129730002800157942000900185999001900194952011400213100415s9999 xx 000 0 und d b10855a580(54) aBlatter E aBombay Flora (Separata) aBOMBAYc0bBNHS b0 aBombay Flora (Separata) aBombay Flora (Separata) cBOOK c593781d593778 00104070aBNHSbBNHSd1997-09-23g0.00l0o580(54) 10855pBNHS-10855r2010-04-15 00:00:00w2010-04-15yBOOK